[Event "Netanya op"]
[Site "Netanya"]
[Date "2019.07.01"]
[Round "8"]
[White "Levin, Guy"]
[Black "Pravdivetz, Vladimir"]
[Result "1-0"]
[WhiteElo "2054"]
[BlackElo "1927"]
[PlyCount "103"]
[EventDate "2019.06.23"]
[EventType "swiss"]
[EventRounds "9"]
[EventCountry "ISR"]
[SourceTitle "CBM 191 Extra"]
[Source "ChessBase"]
[SourceDate "2019.09.30"]
[SourceVersion "1"]
[SourceVersionDate "2019.09.30"]
[SourceQuality "1"]

1. c4 e5 2. Nc3 a5 3. Nf3 Nc6 4. d3 g6 5. g3 Bg7 6. Bg2 Nge7 7. h4 h6 8. e4 d6 9. Be3 Bd7 10. Qd2 Nd4 11. Bxd4 exd4 12. Ne2 c5 13. Qc2 Nc6 14. Nf4 Rb8 15. Nd5 b5 16. Nd2 Nb4 17. Nxb4 axb4 18. a3 bxa3 19. Rxa3 b4 20. Ra2 Qb6 21. b3 Bc6 22. 0-0 0-0 23. Rfa1 Ra8 24. Rxa8 Rxa8 25. Rxa8+ Bxa8 26. h5 Qa7 27. hxg6 fxg6 28. Qd1 Bc6 29. Bh3 Bd7 30. Bxd7 Qxd7 31. Nf3 Bf6 32. Qa1 h5 33. Qa8+ Kg7 34. Qd5 Qe7 35. Kg2 Kh6 36. Ng1 g5 37. Qf5 g4 38. f3 gxf3+ 39. Kxf3 Qe5 40. Nh3 Qxf5+ 41. exf5 Be5 42. g4 hxg4+ 43. Kxg4 Bh2 44. Ng5 Kg7 45. Nf3 Be5 46. Kg5 Kf7 47. Nd2 Bh2 48. Ne4 Be5 49. f6 Bh2 50. Kf5 Be5 51. Ng5+ Kf8 52. Kg6 1-0

[Event "Netanya op"]
[Site "Netanya"]
[Date "2019.06.24"]
[Round "2"]
[White "Friedland, Benzi"]
[Black "Pravdivetz, Vladimir"]
[Result "0-1"]
[WhiteElo "1189"]
[BlackElo "1927"]
[PlyCount "130"]
[EventDate "2019.06.23"]
[EventType "swiss"]
[EventRounds "9"]
[EventCountry "ISR"]
[SourceTitle "CBM 191 Extra"]
[Source "ChessBase"]
[SourceDate "2019.09.30"]
[SourceVersion "1"]
[SourceVersionDate "2019.09.30"]
[SourceQuality "1"]

1. e4 e6 2. d4 d5 3. exd5 exd5 4. Nf3 Bd6 5. Nc3 c6 6. Bg5 Ne7 7. Bd3 f6 8. Bh4 Nd7 9. Qe2 Nf8 10. a3 Ne6 11. Bg3 Nf4 12. Bxf4 Bxf4 13. h3 0-0 14. 0-0 Re8 15. Rfe1 Bd7 16. Qf1 Nf5 17. Ne2 Bc7 18. c3 Be6 19. g4 Nh6 20. Qg2 Qd7 21. Ng3 Kh8 22. Nh4 g6 23. Qf3 Kg7 24. b4 Bf7 25. Kg2 Rxe1 26. Rxe1 Re8 27. Rxe8 Qxe8 28. Qe3 Qxe3 29. fxe3 Bd6 30. Ne2 Kf8 31. Nf3 Ke7 32. g5 Ng8 33. gxf6+ Nxf6 34. Ng5 Be8 35. Ng3 Bd7 36. Nf3 a5 37. Ne2 b6 38. Ne5 Be8 39. Nf3 c5 40. dxc5 bxc5 41. Ba6 axb4 42. cxb4 cxb4 43. axb4 Bxb4 44. Ned4 Kd6 45. Bc8 Bd7 46. Ba6 Ne4 47. Nc2 Bc5 48. Ncd4 Nc3 49. Bd3 Nd1 50. e4 dxe4 51. Bxe4 Bxd4 52. Nxd4 Ke5 53. Nf3+ Kxe4 54. Ng5+ Kf5 55. Nxh7 Ne3+ 56. Kh2 Ba4 57. h4 Ng4+ 58. Kg2 Bc6+ 59. Kg1 Ne5 60. Ng5 Nf3+ 61. Nxf3 Bxf3 62. h5 gxh5 63. Kh2 Kg4 64. Kg1 Kg3 65. Kf1 h4 0-1

[Event "Jerusalem Japhet Memorial op 4th"]
[Site "Jerusalem"]
[Date "2018.07.06"]
[Round "7"]
[White "Pravdivetz, Vladimir"]
[Black "Zlatin, Alexander"]
[Result "0-1"]
[WhiteElo "1939"]
[BlackElo "2205"]
[PlyCount "78"]
[EventDate "2018.07.01"]
[EventType "swiss"]
[EventRounds "7"]
[EventCountry "ISR"]
[SourceTitle "CBM 185 Extra"]
[Source "ChessBase"]
[SourceDate "2018.07.29"]
[SourceVersion "1"]
[SourceVersionDate "2018.07.29"]
[SourceQuality "1"]

1. d4 Nf6 2. Nf3 d5 3. c4 e6 4. Nc3 Be7 5. Bg5 0-0 6. e3 b6 7. Bd3 Bb7 8. Bxf6 Bxf6 9. cxd5 exd5 10. Qc2 g6 11. b4 c5 12. bxc5 bxc5 13. Rb1 cxd4 14. Nxd4 Bxd4 15. exd4 Qe7+ 16. Ne2 Rc8 17. Qd2 Ba6 18. Bxa6 Nxa6 19. 0-0 Nc7 20. Rb7 Rcb8 21. Rfb1 Rxb7 22. Rxb7 Re8 23. Ng3 Qd6 24. Nf1 a6 25. Ne3 Nb5 26. Qc1 Nxd4 27. Rb2 Ne6 28. Ng4 Nf4 29. Qd1 h5 30. Ne3 Qe5 31. Rd2 d4 32. Nc2 d3 33. Ne3 Rc8 34. Qe1 Ne2+ 35. Kh1 Qa5 36. Rd1 Qxe1+ 37. Rxe1 d2 38. Rd1 Rc1 39. g3 Nc3 0-1

[Event "Jerusalem Japhet Memorial op 3rd"]
[Site "Jerusalem"]
[Date "2016.07.14"]
[Round "6"]
[White "Pravdivetz, Vladimir"]
[Black "Levitan, Tal"]
[Result "1/2-1/2"]
[WhiteElo "1944"]
[BlackElo "2111"]
[PlyCount "106"]
[EventDate "2016.07.10"]
[EventType "swiss"]
[EventRounds "7"]
[EventCountry "ISR"]
[SourceTitle "CBM 173 Extra"]
[Source "ChessBase"]
[SourceDate "2016.08.29"]
[SourceVersion "1"]
[SourceVersionDate "2016.08.29"]
[SourceQuality "1"]

1. d4 d5 2. Nf3 Nf6 3. c4 e6 4. Bg5 Be7 5. e3 0-0 6. Nc3 b6 7. cxd5 exd5 8. Be2 Nbd7 9. 0-0 Bb7 10. Rc1 Ne4 11. Bf4 c5 12. dxc5 Nxc3 13. Rxc3 bxc5 14. b4 cxb4 15. Rc7 Nc5 16. Nd4 Bd6 17. Bxd6 Qxd6 18. Nb5 Qb6 19. Qd4 Rac8 20. Rc1 Rxc7 21. Nxc7 Ne4 22. Nxd5 Qxd4 23. Ne7+ Kh8 24. exd4 Nc3 25. Bc4 g6 26. f3 Rd8 27. d5 Kg7 28. a3 a5 29. axb4 axb4 30. Ra1 Kf6 31. Nc6 Rc8 32. Ra7 Bxc6 33. dxc6 Rxc6 34. Rxf7+ Ke5 35. Bb3 Ne2+ 36. Kf2 Nd4 37. f4+ Ke4 38. Re7+ Kd3 39. Bg8 Rc2+ 40. Kf1 Nf5 41. Rd7+ Ke3 42. g4 Nh4 43. Re7+ Kf3 44. Ke1 Kxg4 45. Rxh7 Rxh2 46. Rb7 Ng2+ 47. Kd1 Nxf4 48. Rxb4 g5 49. Be6+ Kf3 50. Rb3+ Ke4 51. Bc8 Nd5 52. Bb7 Kd4 53. Bxd5 Ke5 1/2-1/2